Sports Quiz

Random Sports or MLB Quiz

MLB Most Games Played by Position Quiz Stats

 Plays Quiz not verified by Sporcle

Score 0/71 Timer 10:00
0 Plays Today
Position Player % Correct
CatcherIvan Rodriguez
94.4%
ShortstopDerek Jeter
93.9%
ShortstopCal Ripken
92.2%
Third BaseBrooks Robinson
91.6%
OutfieldWillie Mays
91.6%
OutfieldBarry Bonds
89.9%
OutfieldTy Cobb
88.8%
OutfieldHank Aaron
88.3%
ShortstopOzzie Smith
87.7%
Second BaseJoe Morgan
87.2%
ShortstopOmar Vizquel
86.6%
CatcherGary Carter
86%
First BaseEddie Murray
86%
Third BaseMike Schmidt
86%
PitcherMariano Rivera
85.5%
CatcherCarlton Fisk
83.8%
OutfieldRickey Henderson
83.8%
First BaseTodd Helton
83.2%
ShortstopJimmy Rollins
83.2%
Third BaseAdrian Beltre
82.7%
Third BaseRon Santo
82.1%
Second BaseLou Whitaker
81.6%
OutfieldAl Kaline
81.6%
First BaseLou Gehrig
81%
Second BaseRoberto Alomar
79.9%
Third BaseEddie Mathews
78.2%
Second BaseNellie Fox
76.5%
Third BaseGraig Nettles
76.5%
Third BaseWade Boggs
76.5%
ShortstopLuis Aparicio
75.4%
ShortstopDave Concepcion
74.9%
Third BaseAramis Ramirez
73.2%
Second BaseFrank White
72.6%
First BaseRafael Palmeiro
72.1%
Second BaseWillie Randolph
69.3%
CatcherJason Kendall
68.7%
Position Player % Correct
PitcherDennis Eckerlsey
68.2%
PitcherJohn Franco
67%
Third BaseGary Gaetti
67%
PitcherTrevor Hoffman
66.5%
ShortstopLarry Bowa
65.9%
ShortstopLuke Appling
64.2%
First BaseMark Grace
63.7%
Second BaseCharlie Gehringer
63.7%
CatcherBob Boone
63.1%
OutfieldLou Brock
61.5%
CatcherBenito Santiago
60.9%
PitcherJesse Orosco
60.3%
OutfieldTris Speaker
58.7%
OutfieldSteve Finley
57%
Second BaseEddie Collins
56.4%
Third BaseBuddy Bell
56.4%
CatcherBrad Ausmus
54.7%
First BaseFred McGriff
54.7%
Second BaseBill Mazeroski
53.6%
First BaseCap Anson
46.9%
PitcherHoyt Wilhelm
44.7%
OutfieldDave Winfield
44.7%
CatcherSim Sundberg
41.3%
PitcherKen Tekulve
39.7%
CatcherTony Pena
37.4%
ShortstopRabbit Maranville
27.9%
PitcherLaTroy Hawkins
24%
Second BaseBid McPhee
23.5%
PitcherMike Stanton
22.3%
First BaseMickey Vernon
20.7%
PitcherDan Plesac
16.8%
First BaseJake Beckley
15.1%
PitcherMike Timlin
11.7%
CatcherAl Lopez
10.1%
First BaseCharlie Grimm
9.5%

You're not logged in!

Compare scores with friends on all Sporcle quizzes.
Join for Free
OR
Log In

You Might Also Like...

Show Comments

Extras

Created Sep 1, 2015ReportNominate
Tags:MLB Quiz, defensive, player

Top Quizzes Today


Score Distribution

Your Account Isn't Verified!

In order to create a playlist on Sporcle, you need to verify the email address you used during registration. Go to your Sporcle Settings to finish the process.

Report this User

Report this user for behavior that violates our Community Guidelines.

Details: